Statistiques concernant Harry Potter: la Tombe de Albus Dumbledore

Cliquez ici pour prendre le quiz!

Statistiques générales

  • Ce quiz a été pris 48 fois
  • Le résultat moyen est 5 sur 5

Statistiques - réponses

InformationRéponses% Correct
RésidentAlbus Dumbledore
95%
Dernière apparitionHarry Potter et les Reliques de la Mort
95%
Première apparitionHarry Potter et le Prince de Sang-Mêlé
93%
CouleurBlanche
86%
EmplacementParc de Poudlard
81%

Distribution des résultats

Percentile par nombre de réponses

% des personnes avec chaque résultat

Votre développement - résultats

Vous n’avez pas pris ce quiz